• 首页
  • 本馆介绍
  • 公告通知
  • 最新文献
  • 馆藏检索
  • 电子资源
  • 读者导购
  • 参考咨询
  • 我的图书馆
  • 登录
  • 详细信息显示
  • 放入我的书架
  • 预约/预借图书
  • 作者相关作品
  • 分类相关作品
  • 丛书相关作品
  • 出版社相关作品

书目信息

  • 表格格式
  • 工作单格式
  • 卡片格式
题名:
幼儿心理知识
    
 
作者: 石欣荣 著
分册:  
出版信息: 北京   中国广播电视出版社  1986
页数: 261页
开本: 19cm
丛书名:
单 册:
中图分类: B844.12
科图分类:
主题词: 婴幼儿心理学
电子资源:
ISBN: 7236.054
000 00669nam0 2200253 450
001 0186020014
005 20100712221821.0
010    @a7236.054@dCNY1.40
091    @a7236.054
100    @a19900802d1986 em y0chiy0110 ea
101 0  @achi
102    @aCN@b110000
105    @ay z 000yy
106    @ar
200 1  @a幼儿心理知识@9You Er Xin Li Zhi Shi;Zhi @f石欣荣著
210    @a北京@c中国广播电视出版社@d1986
215    @a261页@d19cm
300    @a幼儿教育系列讲座(二)
606 0  @a婴幼儿心理学
610 0  @a心理学
690    @aB844.12@v3
701  0 @a石欣荣@9shi xin rong@4著
801  0 @aCN@bAzMarc@c20130904
905    @aBZT@dB844.12@e13@f2@sB844.12/13
    
    幼儿心理知识/石欣荣著.-北京:中国广播电视出版社,1986
    261页;19cm
    幼儿教育系列讲座(二)
    
    ISBN 7236.054:CNY1.40
    
●
相关链接 在五车中查询图书 在当当中查询图书 在豆瓣中查询图书


正题名:幼儿心理知识     索取号:B844.12/13         预约/预借

序号 登录号 条形码 馆藏地/架位号 状态 备注
1 2000097369   2000097369   旧书回溯/ [索取号:B844.12/13] 在馆    
2 2000132649   2000132649   旧书回溯/ [索取号:B844.12/13] 在馆    
山东省滨州职业学院图书馆 欢迎您!
大连网信软件有限公司© 版权所有